000 00291nam a2200121Ia 4500
008 190902s9999||||xx |||||||||||||| ||und||
020 _a0 85297 064 1
100 _aMuhammad Naeem Baig
245 0 _aCompany Law
260 _alahore
_bPakistan law House
_c2004
300 _a354
942 _cBK
999 _c2814
_d2814